000 00369 a2200133 4500
001 90370
082 _aPR 881
090 _c42690
_d42690
100 _aAnwar; Ijaz A Malik, Advisor
245 _aDynamic stability analysis of an aircraft through computer programme
_nG-21
260 _aKarachi
_bNED University
_c1985
300 _a154 p.
500 _aBE Project Reports
942 _aCAE NUST
_kPR 881
999 _c325443
_d325443